000 02593ngm a2200457 4500
003 dpl
005 2009011203503.0
007 DVD
008 ||||||sp199 xxu|||||c ||| 00| 0 ng d
010 _aDVD-002023-2025 & DVD-005217-5220
024 _aSHE DVD 104
_c99.00
035 _aDVD-002023-2025
035 _aDVD-005217-5220
040 _aDPL
_cDPL
082 _aDVD / SATT
245 _aSatte Pe Satta
_cN. C. Sippy Presents
_h[videorecording] DVD/
260 _bShemaroo Video Pvt. Ltd.
300 _a1 videodisc DVD; (155 min.)
_bsd., col. ;
_c4 3/4 in.
_fDVD
440 _aShemaroo Home Entertainment
538 _aDolby Digital 5.1 - Hindi Subtitles: English
538 _aAnamorphic Wide Screen Format, Presented 2:35.1 Aspect Ratio Enhancaead for 16:9 Wide Screen
650 _aMotion Picture
700 _aSippy, Romu N.
700 _aSippy, Raj N.
700 _aBurman, R. D.
700 _aBachchan, Amitabh
700 _aHema Malini
700 _aKapoor, Shakti
700 _aSachin
700 _aRanjeeta
942 _cCF
_2ddc
_hDVD
_mSATT
999 _c20829
_d20829